000 00690nam a22002297a 4500
999 _c8567
_d8567
003 AR-CdUCM
008 190325b ||||| |||| 00| 0 spa d
040 _aMUNICIPALIDAD PROVINCIAL DEL CUSCO
_cBIBLIOTECA MUNICIPAL DEL CUSCO
082 _a853 /
_bP63
100 _aPitigrilli
_910029
245 _aEl experimento de pott /
260 _aSantiago :
_bEdiciones Ercilla,
_c1933.
300 _a165 páginas ;
_c19 cm.
440 _aBiblioteca de La Novela Audaz.
_n3
_923996
500 _aDonación familia Nieto.
650 _aLiteratura italiana
_9615
650 _aNovela
_95
650 _aNovelas psicológicas
_92846
650 _aSiglo XX
_98
942 _2ddc
_cLIBROS
945 _azta